| 000 | 00467nam a2200157 i 4500 | ||
|---|---|---|---|
| 001 | 84682 | ||
| 003 | ES-MaACL | ||
| 005 | 20230906175052.0 | ||
| 007 | t| | ||
| 008 | 041123s1968 sp ||||1| spa d | ||
| 100 | 1 |
_aJiménez-Landi Martínez, Antonio. _966543 |
|
| 245 | 1 | 4 |
_aUna ley de sucesión y quince siglos de historia / _cAntonio Jiménez Landi. |
| 260 |
_a[Madrid] : _bAguilar, _c[1968] |
||
| 300 |
_a412 p. ; _c21 cm. |
||
| 852 |
_aES-MaACL _jC-34657 _bR.66552 |
||
| 999 |
_c84682 _d84682 |
||